000 00500pab a2200169 454500
008 180718b2004 xxu||||| |||| 00| 0 eng d
100 _aPanday, Pranab Kumar
245 _aIssues in implementation of public policies: the involvement of the army in the law and order sector in Bangladesh
260 _c2004
300 _ap.87-100.
362 _aJun
650 _aBangladesh. Army
650 _aPublic policy - Bangladesh
650 _aPublic policy
773 _aSocial Change
909 _a61936
999 _c61936
_d61936